|
|
|
|
| LEADER |
01158nam a22002897a 4500 |
| 001 |
33965 |
| 003 |
BD-DhAAL |
| 005 |
20250828152311.0 |
| 008 |
181107t2018 bg 000 0 ben d |
| 020 |
|
|
|a 9789849313069
|
| 020 |
|
|
|a 9789849313076
|
| 040 |
|
|
|a BD-DhAAL
|c BD-DhAAL
|
| 041 |
0 |
|
|a ben
|
| 082 |
0 |
4 |
|a 954.9205092
|2 22
|
| 100 |
|
|
|a হক, আনিসুল.
|9 28745
|
| 245 |
1 |
0 |
|a বঙ্গবন্ধুকে চিঠি ও অন্যান্য /
|c আনিসুল হক.
|
| 246 |
|
|
|a Bangabondhuke chithi o onnanya
|
| 260 |
|
|
|a ঢাকা :
|b অনুপম প্রকাশনী,
|c ২০১৮.
|
| 300 |
|
|
|a ১১২ পৃষ্ঠা ;
|c ২২ সে.মি.
|
| 526 |
|
|
|a AAL
|
| 541 |
|
|
|a BoiBazar.com
|e 33965
|
| 600 |
0 |
0 |
|a Mujibur Rahman,
|c Sheikh,
|d 1920-1975
|x Political and social views.
|9 22514
|
| 651 |
|
0 |
|a Bangladesh
|x Politics and government.
|9 22515
|
| 852 |
|
|
|a Ayesha Abed Library
|
| 942 |
|
|
|2 ddc
|c BK
|
| 999 |
|
|
|c 40237
|d 40237
|
| 952 |
|
|
|0 0
|1 0
|2 ddc
|4 0
|6 954_920509200000000_HAQ
|7 0
|9 64616
|a BRACUL
|b BRACUL
|c BNC
|d 2018-11-01
|e BoiBazar.com
|g 160.00
|l 0
|o 954.9205092 HAQ
|p 3010033965
|r 2018-11-01
|t 1
|v 160.00
|w 2018-11-01
|y BK
|